Puesta en marcha y elaboración de una plataforma de simulación para el PLC SLC 5/05 de Allen Bradley
Salvato in:
| Autore principale: | |
|---|---|
| Altri autori: | |
| Natura: | Libro |
| Pubblicazione: |
[San José, Costa Rica]
2004
|
| Soggetti: | |
| Tags: |
Aggiungi Tag
Nessun Tag, puoi essere il primo ad aggiungerne!!
|
MARC
| LEADER | 00000nam a2200000Ia 4500 | ||
|---|---|---|---|
| 003 | 009302 | ||
| 005 | 20221231144140.0 | ||
| 008 | 140114s2004 cr a m 000 ||s d | ||
| 040 | |c cru CEDI | ||
| 090 | |a TFG 4841 | ||
| 100 | |a Castro Porras, Luis Fernando |9 6567 | ||
| 245 | |a Puesta en marcha y elaboración de una plataforma de simulación para el PLC SLC 5/05 de Allen Bradley | ||
| 260 | |c 2004 |a [San José, Costa Rica] | ||
| 300 | |a x, 251 hojas : ilustraciones | ||
| 500 | |a Proyecto de graduación (bachillerato en ingeniería eléctrica)--Universidad de Costa Rica. Facultad de Ingeniería. Escuela de Ingeniería Eléctrica | ||
| 650 | |x PL/C (LENGUAJE DE PROGRAMACION PARA COMPUTADORA) |9 6570 | ||
| 700 | |9 6569 |a Gómez Hidalgo, José Adémar | ||
| 942 | |c TFG | ||
| 999 | |c 17592 |d 17592 | ||
